<?xml version="1.0" encoding="UTF-8"?>
<record
    xmlns:xsi="http://www.w3.org/2001/XMLSchema-instance"
    xsi:schemaLocation="http://www.loc.gov/MARC21/slim http://www.loc.gov/standards/marcxml/schema/MARC21slim.xsd"
    xmlns="http://www.loc.gov/MARC21/slim">

  <leader>00741nam a22002417a 4500</leader>
  <controlfield tag="003">UA-OsUOA</controlfield>
  <controlfield tag="001"> 45394 </controlfield>
  <controlfield tag="007">ta</controlfield>
  <controlfield tag="008">20070418b un ||||| |||| 00| 0 ukr d</controlfield>
  <datafield tag="100" ind1=" " ind2=" ">
    <subfield code="a">&#x421;&#x43B;&#x430;&#x432;&#x438;&#x43D;&#x441;&#x44C;&#x43A;&#x438;&#x439; &#x41C;.&#x41C;.</subfield>
  </datafield>
  <datafield tag="090" ind1=" " ind2=" ">
    <subfield code="a">82-4</subfield>
    <subfield code="b">&#x421;47</subfield>
  </datafield>
  <datafield tag="942" ind1=" " ind2=" ">
    <subfield code="c">BK</subfield>
  </datafield>
  <datafield tag="040" ind1=" " ind2=" ">
    <subfield code="a">UA-OsUOA</subfield>
    <subfield code="b">ukr</subfield>
    <subfield code="c">UA-OsUOA</subfield>
    <subfield code="d">UA-OsUOA</subfield>
  </datafield>
  <datafield tag="245" ind1=" " ind2=" ">
    <subfield code="a">&#x41B;&#x44E;&#x434;&#x438; &#x456; &#x441;&#x43F;&#x440;&#x430;&#x432;&#x438; &#x43C;&#x43E;&#x433;&#x43E; &#x447;&#x430;&#x441;&#x443;</subfield>
    <subfield code="b">&#x412;&#x43B;&#x430;&#x441;&#x43D;&#x438;&#x439; &#x433;&#x440;&#x43E;&#x43C;&#x430;&#x434;&#x441;&#x44C;&#x43A;&#x43E;-&#x43F;&#x43E;&#x43B;&#x456;&#x442;&#x438;&#x447;&#x43D;&#x438;&#x439; &#x43E;&#x433;&#x43B;&#x44F;&#x434;. &#x421;&#x432;&#x456;&#x434;&#x447;&#x435;&#x43D;&#x43D;&#x44F; &#x43E;&#x447;&#x435;&#x432;&#x438;&#x434;&#x446;&#x44F;</subfield>
  </datafield>
  <datafield tag="300" ind1=" " ind2=" ">
    <subfield code="a">164 &#x441;.</subfield>
  </datafield>
  <datafield tag="955" ind1=" " ind2=" ">
    <subfield code="a">3</subfield>
  </datafield>
  <datafield tag="041" ind1=" " ind2=" ">
    <subfield code="a">ukr</subfield>
  </datafield>
  <datafield tag="080" ind1=" " ind2=" ">
    <subfield code="a">82-4</subfield>
  </datafield>
  <datafield tag="020" ind1=" " ind2=" ">
    <subfield code="a">966-96426-7-1</subfield>
  </datafield>
  <datafield tag="260" ind1=" " ind2=" ">
    <subfield code="a">&#x41A;.</subfield>
    <subfield code="b">&#x412;&#x411; "&#x41C;&#x430;&#x43A;&#x441;&#x438;&#x43C;&#x443;&#x43C;"</subfield>
    <subfield code="c">2006</subfield>
  </datafield>
  <datafield tag="650" ind1=" " ind2="7">
    <subfield code="a">82 &#x41B;&#x456;&#x442;&#x435;&#x440;&#x430;&#x442;&#x443;&#x440;&#x430;. &#x41B;&#x456;&#x442;&#x435;&#x440;&#x430;&#x442;&#x443;&#x440;&#x43E;&#x437;&#x43D;&#x430;&#x432;&#x441;&#x442;&#x432;&#x43E;</subfield>
    <subfield code="2">UDC</subfield>
  </datafield>
  <datafield tag="999" ind1=" " ind2=" ">
    <subfield code="c">331497</subfield>
    <subfield code="d">331497</subfield>
  </datafield>
  <datafield tag="952" ind1=" " ind2=" ">
    <subfield code="0">0</subfield>
    <subfield code="1">0</subfield>
    <subfield code="2">udc</subfield>
    <subfield code="4">0</subfield>
    <subfield code="7">0</subfield>
    <subfield code="8">C_TOMENKO</subfield>
    <subfield code="a">102</subfield>
    <subfield code="b">102</subfield>
    <subfield code="d">2007-04-18</subfield>
    <subfield code="e">80/2007</subfield>
    <subfield code="g">2.00</subfield>
    <subfield code="i">104314</subfield>
    <subfield code="l">0</subfield>
    <subfield code="o">82-4 &#x421;47</subfield>
    <subfield code="p">104314</subfield>
    <subfield code="r">2021-09-29 00:00:00</subfield>
    <subfield code="w">2007-04-18</subfield>
    <subfield code="y">BK</subfield>
  </datafield>
  <datafield tag="952" ind1=" " ind2=" ">
    <subfield code="0">0</subfield>
    <subfield code="1">0</subfield>
    <subfield code="2">udc</subfield>
    <subfield code="4">0</subfield>
    <subfield code="7">0</subfield>
    <subfield code="8">C_TOMENKO</subfield>
    <subfield code="a">102</subfield>
    <subfield code="b">102</subfield>
    <subfield code="d">2007-10-15</subfield>
    <subfield code="e">168/2007</subfield>
    <subfield code="g">2.00</subfield>
    <subfield code="i">108670</subfield>
    <subfield code="l">0</subfield>
    <subfield code="o">82-4 &#x421;47</subfield>
    <subfield code="p">108670</subfield>
    <subfield code="r">2021-09-29 00:00:00</subfield>
    <subfield code="w">2007-04-18</subfield>
    <subfield code="y">BK</subfield>
  </datafield>
</record>
